<?xml version="1.0" encoding="UTF-8"?><?xml-stylesheet type="text/xsl" href="static/style.xsl"?><OAI-PMH xmlns="http://www.openarchives.org/OAI/2.0/" xmlns:xsi="http://www.w3.org/2001/XMLSchema-instance" xsi:schemaLocation="http://www.openarchives.org/OAI/2.0/ http://www.openarchives.org/OAI/2.0/OAI-PMH.xsd"><responseDate>2026-04-14T05:45:40Z</responseDate><request verb="GetRecord" identifier="oai:www.recercat.cat:2445/146504" metadataPrefix="marc">https://recercat.cat/oai/request</request><GetRecord><record><header><identifier>oai:recercat.cat:2445/146504</identifier><datestamp>2025-11-19T20:55:39Z</datestamp><setSpec>com_2072_1057</setSpec><setSpec>col_2072_478917</setSpec><setSpec>col_2072_478933</setSpec></header><metadata><record xmlns="http://www.loc.gov/MARC21/slim" xmlns:dcterms="http://purl.org/dc/terms/" xmlns:xsi="http://www.w3.org/2001/XMLSchema-instance" xmlns:doc="http://www.lyncode.com/xoai" xsi:schemaLocation="http://www.loc.gov/MARC21/slim http://www.loc.gov/standards/marcxml/schema/MARC21slim.xsd">
   <leader>00925njm 22002777a 4500</leader>
   <datafield ind2=" " ind1=" " tag="042">
      <subfield code="a">dc</subfield>
   </datafield>
   <datafield ind2=" " ind1=" " tag="720">
      <subfield code="a">Álvarez, Santiago (Álvarez Reverter)</subfield>
      <subfield code="e">author</subfield>
   </datafield>
   <datafield ind2=" " ind1=" " tag="260">
      <subfield code="c">2019-12-11T15:07:22Z</subfield>
   </datafield>
   <datafield ind2=" " ind1=" " tag="260">
      <subfield code="c">2019-12-11T15:07:22Z</subfield>
   </datafield>
   <datafield ind2=" " ind1=" " tag="260">
      <subfield code="c">2009</subfield>
   </datafield>
   <datafield ind2=" " ind1=" " tag="260">
      <subfield code="c">2019-12-11T15:07:23Z</subfield>
   </datafield>
   <datafield ind2=" " ind1=" " tag="520">
      <subfield code="a">Un análisis de la música relacionada de una u otra manera con la alquimia nos demuestra que ambas forman una extraña pareja que perdura hasta nuestros días. Ese idilio empieza con la utilización que los primeros alquimistas hacían de la música, al hilo de los aspectos más espirituales de su arte, y que podemos apreciar en diversos textos alquímicos. Por su parte, no son pocos los compositores que demuestran aprecio por el arte hermético, ya sea como practicantes o incorporando temas alquímicos a sus obras musicales. Todavía hoy, la alquimia y los alquimistas inspiran temas musicales de todos los estilos, desde el pop-rock hasta la música clásica, pasando por el folk, el flamenco o el jazz. careful analysis of the music related in one or another way with alchemy shows that both form a strange couple that have stood for centuries and is still engaged. Such an idyll starts with the use made by the early alchemists of music in their quest for spiritual perfection, as can be appreciated in several alchemical texts. On the other hand, there have been quite a few composers who showed a deep interest in the hermetic art, be it as practitioners or by incorporating alchemical topics into their works. Still today, alchemy and alchemists provide a source of inspiration for music of the most diverse styles, from pop-rock to classical music, through folk, flamenco or jazz.</subfield>
   </datafield>
   <datafield tag="653" ind2=" " ind1=" ">
      <subfield code="a">Música</subfield>
   </datafield>
   <datafield tag="653" ind2=" " ind1=" ">
      <subfield code="a">Alquímia</subfield>
   </datafield>
   <datafield tag="653" ind2=" " ind1=" ">
      <subfield code="a">Història de la química</subfield>
   </datafield>
   <datafield tag="653" ind2=" " ind1=" ">
      <subfield code="a">Music</subfield>
   </datafield>
   <datafield tag="653" ind2=" " ind1=" ">
      <subfield code="a">Alchemy</subfield>
   </datafield>
   <datafield tag="653" ind2=" " ind1=" ">
      <subfield code="a">History of chemistry</subfield>
   </datafield>
   <datafield ind2="0" ind1="0" tag="245">
      <subfield code="a">Música alquimística</subfield>
   </datafield>
</record></metadata></record></GetRecord></OAI-PMH>